Přínosy metody Argumentační esej ve výuce ekonomických předmětů

Schopnosť vyjadriť svoj názor a účinne argumentovať patrí medzi kľúčové zručnosti, ktorými by mali študenti disponovať pri vlastných prezentáciách, skúškach či obhajobách. Využitie možnosti rozvoja argumentačných zručností pri výuke ekonomických predmetov a ako pracovať s metódou argumentačnej eseje...

Ausführliche Beschreibung

Gespeichert in:
Bibliographische Detailangaben
1. Verfasser: Holečková, Lenka
Format: Buchkapitel
Sprache:Tschechisch
Schlagworte:
Tags: Tag hinzufügen
Keine Tags, Fügen Sie das erste Tag hinzu!

MARC

LEADER 00000naa a2200000 4500
001 0227581
005 20220803171558.3
041 0 |a cze 
044 |a CZ 
245 1 0 |a Přínosy metody Argumentační esej ve výuce ekonomických předmětů  |c Lenka Holečková 
520 |a Schopnosť vyjadriť svoj názor a účinne argumentovať patrí medzi kľúčové zručnosti, ktorými by mali študenti disponovať pri vlastných prezentáciách, skúškach či obhajobách. Využitie možnosti rozvoja argumentačných zručností pri výuke ekonomických predmetov a ako pracovať s metódou argumentačnej eseje. 
610 2 0 |a vzdelávanie vysokoškolské 
610 2 0 |a vysokoškoláci 
610 2 0 |a predmety učebné 
610 2 0 |a ekonómia 
610 2 0 |a skúšky schopnosti 
610 2 0 |a prezentácia 
610 2 0 |a zručnosti 
100 1 |a Holečková, Lenka